000 00979nam a22002657a 4500
005 20240530110407.0
008 150204s2011 ua g b 000 p ara d
017 _a2010/23508
_bمصر . دار الكتب المصرية
020 _a9789773681947
040 _aEG-CaGPL
041 0 _aara
082 0 4 _221
_a414\
_bأ ب
100 0 _aاشرف فوزى جلال
245 1 0 _aبديع التراكيب فى شعر ابى نواس /
_cاعداد اشرف فوزى جلال
250 _aط 2
260 _aالاسكندرية :
_bمؤسسة حورس الدولية للنشر و التوزيع ،
_c2011
300 _a346 ص ؛
_c24 سم
504 _aببليوجرافية : ص 336 - 341
650 0 4 _aالشعر العربى
650 0 4 _aالشعر العربى
_xتاريخ و نقد
650 0 4 _aالشعر العربى
_xدواوين و قصائد
650 0 4 _aالادب العربى
942 _2ddc
_cBK
999 _c60375
_d60375